00578nam a2200169 a 450000100060000000300090000600800410001504000280005608200180008410000220010224500970012426000480022130000110026965000450028065000460032565000370037115944CO-ViMGA141112s2004 ck r 000 u spa d aCO-ViMGAbspacCO-ViMGA04a868.998 M178m1 aMarún, Gioconda10aEl modernismo Argentino incógnito en la ondina del plata y revista literaria (1875 - 1880) aBogotá, cInstituto Caro y Cuervo, c1993 a212.p.14aLA ONDINA DEL PLATA - HISTORIA Y CRITICA14aLITERATURA ARGENTINA - HISTORIA Y CRITICA14aMODERNISMO LITERARIO - ARGENTINA